Statystyki dla Państwa, w których krykiet jest najpopularniejszym sportem

Kliknij tutaj aby rozwiązać quiz!

Ogólne statystyki

  • Ten quiz został rozwiązany 405 razy
  • Średni wynik to 8 z 14

Statystyki odpowiedzi

Kontynent Państwo % poprawnych
AzjaIndie
94%
AzjaPakistan
72%
AzjaBangladesz
62%
AzjaAfganistan
54%
Ameryka PółnocnaSaint Lucia
54%
Ameryka PółnocnaBarbados
53%
Ameryka PółnocnaSaint Kitts i Nevis
52%
Ameryka PółnocnaSaint Vincent i Grenadyny
52%
Ameryka PółnocnaTrynidad i Tobago
52%
Ameryka PółnocnaAntigua i Barbuda
50%
Ameryka PołudniowaGujana
49%
Ameryka PółnocnaGrenada
48%
AzjaNepal
48%
AzjaSri Lanka
47%

Rozkład punktacji

Percentyl według liczby udzielonych odpowiedzi

Procent ludzi z każdym wynikiem

Twoja historia wyników

Nie rozwiązałeś tego quizu